000 00808nam a2200265 i 4500
001 000007432
003 DO-SdBNP
005 20260116071449.0
007 ta
008 090908s1986 dr c r 001 0 spa d
040 _aDO-SdBNP
_bspa
_cBNPHU
_erda
041 _aspa
082 _axxxx
_bC352c
_222
100 1 _aCastillo, Nelson del,
_d1952-
_eautor
_920637
245 1 0 _aCrónicas del juicio :
_b208 años de cárcel /
_cNelson del Castillo.
264 _aSanto Domingo :
_bEditora Taimi,
_c1986.
300 _a173 páginas :
_bretratos ;
_c20 cm.
336 _ardacontent
_btexto
_2txt
337 _ardamedia
_bsin mediación
_2n
338 _ardacarrier
_bvolumen
_2nc
500 _aIncluye datos biográficos en la contra cubierta
590 _aInventariado, 2026/DG
910 _aDG
942 _2ddc
_cLBS1
999 _c7213
_d7213